00655nam a2200169Ia 4500008004100000100003000041245012200071245004900193260003900242260000900281300001100290650001800301650001500319856005900334999001900393952007300412170221s9999 xx 000 0 und d aJesús Segura Cabañero aFurtive Temporalities in the Contemporary Visual Image: The Case Studies of Stan Douglas, Doug Aitken and Mark Lewis  cJesús Segura Cabañero, Toni Simó Mulet bStudies in Media and Communication c2014 a34 : 7 xCommunication xMedia Arts uhttp://redfame.com/journal/index.php/smc/issue/view/42 c310830d310830 001040aCLbCLd2017-02-21l0r2017-02-21 00:00:00w2017-02-21yFOJ